000 00656nam a2200241Ia 4500
001 39715
005 20240114002104.0
007 ta
008 070907s2007 g b000 u 465 u
040 _aCotton College Assam
041 _a465
082 _a070.175
_bCo 83 Pr
110 _aCotton College .
_c(Guwahati )
245 0 _aProspectus: Cotton College /
_cCotton College.
_hTextual Documents
250 _a1st ed. /
260 _aGuwahati :
_bCotton College ,
_c2007.
300 _a40p. ;
_c28cm.
653 _aProspectus-Cotton College
653 _aReference-Magazine
942 _2ddc
_cBK
999 _c39687
_d39687